Miesten Salibandyn F-Liiga - Mitalistit - Statistics

Yleistilastot
  • Tätä visaa on pelattu 223 kertaa
    97 viimeisimmän päivityksen jälkeen
  • Keskiarvotulos 10 / 22
Vastaustilastot
Kultaa Hopeaa Pronssia Yht. Joukkue % Oikein
6 5 5 16 Oilers
97%
6 5 2 13 Classic
96%
1 1 2 TPS
88%
3 1 4 8 SPV
86%
2 2 4 Erä
85%
2 3 5 Nokian KrP
81%
11 5 4 20 SSV
79%
1 3 3 7 Happee
76%
1 1 Indians
74%
1 1 EräViikingit
56%
2 3 4 9 Josba
42%
1 2 3 6 Viikingit
42%
1 1 Koovee
32%
1 2 3 HIFK
21%
1 1 Gunners
19%
2 2 Manse United
9%
2 1 1 4 SC Dalmac
9%
1 2 3 VFT
6%
1 1 2 Synkkä Uhma
4%
1 1 1 3 BET
1%
1 1 2 RuRu
1%
1 1 VÅSC
0%
Ehtoja vastaavia visoja ei löytynyt
Tulosjakauma
Jokaisen tuloksen saaneiden osuus
Persentiili vastausten määrän mukaan
Tuloshistoriasi
Et ole pelannut tätä visaa sen viimeisimmän päivityksen jälkeen